000 01068nam a2200253 a 4500
001 26023
003 CO-ViMGA
008 141112s2004 ck r 000 u spa d
015 _ack - 2009 - xxxx
020 _a9789586764438
040 _aCO-ViMGA
_bspa
_cCO-ViMGA
082 0 4 _a346.8610432 C15t
100 1 _aCanosa Torrado, Fernando, 1958 -
_940617
245 1 0 _aTeoría y práctica del proceso de pertenencia :
_bproceso especial para el saneamiento de la titulación de la propiedad inmueble, y declaración de poseción regular ante notario (Leyes 1182 y 1183 de 2008) /
_cFernando Canosa Torrado
250 _a6a. ed.
260 _aBogotá :
_bEdiciones Doctrina y Ley,
_c2009
300 _axxxvii, 768 p. ; 24 cm
500 _aIncluye índice temático, de autores, de entidades, legislativo y de jurisprudencia
598 _aNEW - GRAL, NEW
650 1 4 _aDeclaración de pertenencia - Colombia
_940618
917 _a2009 - 2994 2 ejemplares
942 _2ddc
_cBK
990 _a2009 - 2994 Ediciones Doctrina y Ley LTDA 2 ejemplares 21 19052009 a670293
999 _c33252
_d33252